000 01147cam a2200301 i 4500
001 22535558
003 OSt
005 20250612124108.0
008 220505s2022 enka b 001 0 eng
020 _a9780128190029 (Paperbag)
040 _aDLC
_beng
_erda
_cNUST
_dNUST
050 0 0 _aSD373 GRE
100 1 _aGrebner, Donald L.,
_eauthor.
245 1 0 _aIntroduction to forestry and natural resources /
_cDonald L. Grebner, PhD, Professor, Department of Forestry, College of Forest Resources, Mississippi State University, Mississipp
250 _aSecond edition.
260 _aUnited Kingdom,
_bAcademic Press,
_c2022.
300 _axii, 494 pages :
_bcolor illustrations ;
_c28 cm.
336 _atext
_btxt
_2rdacontent
337 _aunmediated
_bn
_2rdamedia
338 _avolume
_bnc
_2rdacarrier
504 _aIncludes bibliographical references and index.
650 0 _aForests and forestry.
650 0 _aForest management.
700 1 _aBettinger, Pete,
_d1962-
_eauthor.
700 1 _aSiry, Jacek P.,
_d1965-
_eauthor.
700 1 _aBoston, Kevin,
_eauthor.
942 _2lcc
_n0
_cBOOKS
_eSecond Edition
_hSD373.GRE
_kSD
_mGRE
999 _c171834
_d171834